Dojnice v zrkadle piatich rokov

Pozitívne a negatívne pozície vo vývoji úžitkovosti v živočíšnej výrobe na Slovensku po r. 1989. Zavedenie trhového poriadku v cenách mlieka. Veľké rozpätia v dojivosti kráv medzi okresmi a podnikmi.

Saved in:
Bibliographic Details
Main Author: Slávik, J.
Other Authors: Valentovičová, O.
Format: Book Chapter
Language:Slovak
Subjects:
Tags: Add Tag
No Tags, Be the first to tag this record!

MARC

LEADER 00000naa a2200000 4500
001 r022839
005 20230801104449.8
041 0 |a slo 
044 |a SK 
245 1 0 |a Dojnice v zrkadle piatich rokov  |c J. Slávik, O. Valentovičová 
520 |a Pozitívne a negatívne pozície vo vývoji úžitkovosti v živočíšnej výrobe na Slovensku po r. 1989. Zavedenie trhového poriadku v cenách mlieka. Veľké rozpätia v dojivosti kráv medzi okresmi a podnikmi. 
610 2 0 |a Slovensko 
610 2 0 |a Európska únia 
610 2 0 |a 1989-1995 
610 2 0 |a výroba živočíšna 
610 2 0 |a mlieko 
610 2 0 |a ceny 
100 1 |a Slávik, J. 
700 1 |a Valentovičová, O.